[Event "White Nights Open"]
[Site "St Petersburg RUS"]
[Date "2006.06.24"]
[Round "2"]
[White "Kuznetsov,G"]
[Black "Turikov,V"]
[Result "0-1"]
[WhiteElo "2154"]
[BlackElo "2340"]

1.e4 c5 2.Nf3 d6 3.Bb5+ Bd7 4.Bxd7+ Qxd7 5.c4 Nc6 6.d4 cxd4 7.Nxd4 Nf6 8.Nc3 e6
9.O-O Be7 10.Be3 O-O 11.f3 Rfd8 12.Qd2 Ne5 13.b3 a6 14.Rfd1 Qc7 15.Rac1 Rac8
16.Qf2 Qa5 17.Nde2 Ned7 18.Na4 Rb8 19.Ba7 Ra8 20.Be3 Rdc8 21.Bd2 Qc7 22.Bb4 Bf8
23.Kh1 b6 24.Bc3 Qb7 25.Qg3 b5 26.Nb2 Qb6 27.Qe1 Ne5 28.Bd4 Qb8 29.Qf2 Nfd7
30.f4 Nc6 31.Be3 Nf6 32.Qf3 Qb7 33.Nc3 Nd7 34.f5 Nce5 35.Qh3 Re8 36.fxe6 fxe6
37.Rd4 bxc4 38.Nxc4 Nxc4 39.Rxc4 Ne5 40.Ra4 Rac8 41.Bd4 Rc6 42.Rf1 Qe7 43.Qg3 Rec8
44.Ne2 Ng6 45.Qd3 Qb7 46.Bg1 Ne5 47.Qh3 Re8 48.Nd4 Rcc8 49.Nxe6 Qb5 50.Qf5 Be7
51.Nd4 Qd3 52.Re1 Bh4 53.Re3 Qd1 54.Ne2 Rc2 55.Qh5 Rf8 56.Rd4 Qe1 57.Ng3 Qa1
58.Qd1 Rc1 59.Qxc1 Qxc1 60.Rxd6 Ng4 61.Re2 Bxg3  0-1

[Event "Zudov Memorial"]
[Site "Nizhnij Tagil RUS"]
[Date "2006.06.25"]
[Round "6"]
[White "Dzhumadulaev,K"]
[Black "Slugin,S"]
[Result "0-1"]
[WhiteElo "2288"]
[BlackElo "2411"]

1.e4 c5 2.Nf3 d6 3.Bb5+ Nc6 4.c3 Nf6 5.Qe2 Bg4 6.h3 Bh5 7.d4 cxd4 8.cxd4 a6
9.Bxc6+ bxc6 10.Nc3 e6 11.Bg5 Be7 12.g4 Bg6 13.e5 Nd5 14.Bxe7 Qxe7 15.Nxd5 cxd5
16.exd6 Qxd6 17.Ne5 Rc8 18.Nxg6 hxg6 19.Qd2 e5 20.dxe5 Qxe5+ 21.Kf1 O-O 22.Re1 Qd6
23.Re3 d4 24.Rd3 Qd5 25.Rg1 Qxa2 26.Rxd4 Rb8 27.Kg2 Rxb2 28.Qf4 Re8 29.Rf1 a5
30.Kg1 Rb1 31.Rdd1 Rxd1 32.Rxd1 Qb3 33.Rd7 a4 34.Kg2 Ra8 35.Qc7 a3 36.Rd8+ Kh7
37.Qe7 f6 38.Rd7 Qg8 39.g5 a2 40.gxf6 Ra5 41.f7 Qa8+ 42.Kh2 a1=Q 43.f8=N+ Qxf8
44.Qxf8 Rg5  0-1

[Event "Aerosvit GM"]
[Site "Foros UKR"]
[Date "2006.06.27"]
[Round "10"]
[White "Bologan,V"]
[Black "Grischuk,A"]
[Result "1/2-1/2"]
[WhiteElo "2666"]
[BlackElo "2719"]

1.e4 c5 2.Nf3 d6 3.Bb5+ Nc6 4.O-O Bd7 5.Re1 Nf6 6.c3 a6 7.Bf1 Bg4 8.h3 Bxf3
9.Qxf3 g6 10.d3 Bg7 11.Qd1 O-O 12.Nd2 b5 13.Nf3 b4 14.d4 bxc3 15.bxc3 d5
16.e5 Ne4 17.c4 cxd4 18.Nxd4 Nxe5 19.cxd5 Qxd5 20.Bb2 Rfd8 21.Qe2 Nd2 22.Qxd2 Nc6
23.Rac1 Nxd4 24.Bxd4 e6 25.Rc7 Qxd4 26.Qxd4 Bxd4 27.Rb1 Rab8 28.Rxb8 Rxb8
29.Rd7 Bc5 30.Rc7 Bb6 31.Rc2 a5 32.Ba6 Bd8 33.g3 Kg7 34.Kg2 Rb4 35.Bd3 a4
36.Rc3 Rb2 37.Rc2 a3 38.f4 Rb7 39.Kf3 Bf6 40.h4 Rd7 41.Bb5 Rd5 42.Bc4 Rd4
43.Bb5 Rd1 44.Rc7 Rd8 45.Bc4 Kf8 46.h5 gxh5 47.f5 Be5 48.Ra7 Rd4 49.Bb3 Rg4
50.fxe6 fxe6 51.Bxe6 Rxg3+ 52.Ke4 Bg7 53.Rf7+ Ke8 54.Rf3 Rg5 55.Bf5 Bb2 56.Bxh7 h4
57.Bf5 Ke7 58.Rd3 Rg8 59.Rh3 Kf6 60.Rf3 Rg1 61.Bh3+ Ke7 62.Rf1 Rg8 63.Rf4 Bf6
64.Rf3 Ra8 65.Rd3 Ra4+ 66.Kf5 Bd4 67.Kg5 Bc5 68.Bf5 Bd6 69.Re3+ Kd8 70.Rc3 Be7+
71.Kh5 Bf6 72.Rc6 Ke7 73.Kg6 Bd4 74.Re6+ Kd8 75.Rc6 Ke7 76.Re6+ Kd8 77.Rc6 Ke7
78.Re6+ Kd8  1/2-1/2

[Event "Aerosvit GM"]
[Site "Foros UKR"]
[Date "2006.06.27"]
[Round "10"]
[White "Rublevsky,S"]
[Black "Ivanchuk,V"]
[Result "1/2-1/2"]
[WhiteElo "2687"]
[BlackElo "2731"]

1.e4 c5 2.Nf3 d6 3.Bb5+ Bd7 4.Bxd7+ Qxd7 5.O-O Nf6 6.Qe2 Nc6 7.c3 e6 8.d4 cxd4
9.cxd4 d5 10.e5 Ne4 11.Be3 f5 12.Rd1 Qf7 13.Nc3 Be7 14.Qb5 Rb8 15.Ne2 a6
16.Qd3 O-O 17.Ne1 Na5 18.b3 h6 19.f3 Ng5 20.Qd2 Nc6 21.Nd3 Rfc8 22.Rac1 Nh7
23.Nc5 Nf8 24.Rc2 Bd8 25.Rdc1 Ba5 26.Qd1 Nb4 27.Rb2 Nc6 28.Rbc2 Nb4 29.Rb2 Nc6  1/2-1/2

[Event "5th Masters"]
[Site "Grenoble FRA"]
[Date "2006.06.29"]
[Round "8"]
[White "Delorme,Ax"]
[Black "Bijaoui,M"]
[Result "0-1"]
[WhiteElo "2252"]
[BlackElo "2344"]

1.e4 c5 2.Nf3 d6 3.Bb5+ Bd7 4.Bxd7+ Qxd7 5.O-O Nc6 6.c3 Nf6 7.Re1 e6 8.d4 cxd4
9.cxd4 d5 10.e5 Ne4 11.Nbd2 Nxd2 12.Bxd2 Be7 13.Rc1 O-O 14.Rc3 Rac8 15.a3 Rc7
16.Rd3 h6 17.h4 Kh7 18.Ng5+ Kg8 19.Qh5 f6 20.exf6 Rxf6 21.Rxe6 hxg5 22.Rxf6 Bxf6
23.hxg5 g6 24.Qxg6+ Bg7 25.Rh3 Nxd4 26.Qh7+ Kf7 27.g6+ Kf6 28.Bc3 Ke6 29.Re3+ Kd6
30.Bb4+ Kc6 31.Qg8 Nf5 32.Re6+ Kb5 33.Re1 Ka6 34.Rd1 d4 35.Bf8 Rc8 36.Qb3 Rxf8
37.Qc4+ b5  0-1

[Event "FINEC Rector Cup"]
[Site "St Petersburg RUS"]
[Date "2006.06.30"]
[Round "5"]
[White "Lanin,A"]
[Black "Zagrebelny,S"]
[Result "1/2-1/2"]
[WhiteElo "2447"]
[BlackElo "2485"]

1.e4 c5 2.Nf3 d6 3.Bb5+ Bd7 4.Bxd7+ Qxd7 5.O-O Nf6 6.e5 dxe5 7.Nxe5 Qc8 8.Qf3 e6
9.d3 Be7 10.Nc3 O-O 11.Bf4 Nfd7 12.Qg3 Nxe5 13.Bxe5 g6 14.Ne4 Qd8 15.Bc7 Qd7
16.Bf4 Nc6 17.Bh6 Nd4 18.Qh3 Rfd8 19.c3 Nf5 20.Bg5 Qxd3 21.Qxd3 Rxd3 22.Bxe7 Nxe7
23.Nxc5 Rd2 24.Rab1 b6 25.Ne4 Rd3 26.Rfd1 Rad8 27.Rxd3 Rxd3 28.Kf1 Kg7  1/2-1/2

[Event "ch-CHN w"]
[Site "Wuxi CHN"]
[Date "2006.06.30"]
[Round "6"]
[White "Shen Yang"]
[Black "Wang Pin"]
[Result "1/2-1/2"]
[WhiteElo "2411"]
[BlackElo "2393"]

1.e4 c5 2.Nf3 d6 3.Bb5+ Bd7 4.Bxd7+ Qxd7 5.O-O Nf6 6.Qe2 Nc6 7.c3 e6 8.d4 cxd4
9.cxd4 d5 10.e5 Ne4 11.Be3 Be7 12.Ne1 f6 13.f3 Ng5 14.Nd3 b6 15.Rd1 O-O 16.Bf2 fxe5
17.dxe5 Qe8 18.Nc3 Qg6 19.Kh1 Nf7 20.Rac1 Rac8 21.Nb5 h5 22.Rc3 Nb4 23.Nxb4 Bxb4
24.Rcd3 Qf5 25.Bd4 a6 26.Na7 Rc4 27.b3 Rxd4 28.Rxd4 Bc5 29.Ra4 Nxe5 30.Re1 Nd3
31.Qxe6+ Kh7 32.Qxf5+ Rxf5 33.Re8 d4 34.Re2 Nb4 35.Rd2 Re5 36.h4 Re1+ 37.Kh2 b5
38.Rxb4 Bd6+ 39.g3 Bxb4 40.Rxd4 Bc5 41.Rd7 Re2+ 42.Kh3  1/2-1/2

[Event "Open"]
[Site "Albarino ESP"]
[Date "2006.07.03"]
[Round "1"]
[White "Padeiro,J"]
[Black "Fernandez Rey,J"]
[Result "1-0"]
[WhiteElo "2275"]
[BlackElo "1889"]

1.e4 c5 2.Nf3 d6 3.Bb5+ Nc6 4.O-O Qb6 5.Nc3 Nf6 6.e5 dxe5 7.Nxe5 a6 8.Bxc6+ bxc6
9.d3 e6 10.Qf3 Bd6 11.Nc4 Qc7 12.Nxd6+ Qxd6 13.Bf4 Qd7 14.Be5 Ke7 15.Qg3 Bb7
16.Qxg7 Nh5 17.Qg5+ f6 18.Qxh5 fxe5 19.Qxe5 Rhg8 20.Ne4 Bc8 21.Qxc5+ Kf7
22.Qh5+ Kf8 23.Rae1 Qg7 24.g3 Rb8 25.Re3 Rb5 26.Qh4 Qg6 27.Rf3+ Rf5 28.Rxf5+ Qxf5  1-0

[Event "35th TCh-GRE"]
[Site "Ermioni GRE"]
[Date "2006.07.03"]
[Round "1"]
[White "Bojkov,D"]
[Black "Kulaots,K"]
[Result "1/2-1/2"]
[WhiteElo "2445"]
[BlackElo "2550"]

1.e4 c5 2.Nf3 d6 3.Bb5+ Nd7 4.d4 Nf6 5.Nc3 cxd4 6.Qxd4 e5 7.Qd3 h6 8.O-O Be7
9.Be3 O-O 10.a4 a6 11.Bc4 Qc7 12.Nh4 Nc5 13.Bxc5 dxc5 14.Qf3 Bg4 15.Qe3 Kh7
16.Nd5  1/2-1/2

[Event "34th World Open"]
[Site "Philadelphia USA"]
[Date "2006.07.03"]
[Round "6"]
[White "Fressinet,L"]
[Black "Robson,R"]
[Result "1/2-1/2"]
[WhiteElo "2633"]
[BlackElo "2135"]

1.e4 c5 2.Nf3 d6 3.Bb5+ Bd7 4.Bxd7+ Qxd7 5.O-O Nf6 6.Qe2 Nc6 7.Rd1 e6 8.d4 cxd4
9.Nxd4 a6 10.a4 Be7 11.Nc3 O-O 12.b3 Nxd4 13.Rxd4 Qc7 14.Rd3 Nd7 15.Bb2 Bf6
16.Rad1 Rfd8 17.Rxd6 Be5 18.R6d3 Bxh2+ 19.Kh1 Bf4 20.Qg4 Be5 21.Qh5  1/2-1/2

[Event "FINEC Rector Cup"]
[Site "St Petersburg RUS"]
[Date "2006.07.03"]
[Round "8"]
[White "Zagrebelny,S"]
[Black "Khairullin,I"]
[Result "1/2-1/2"]
[WhiteElo "2485"]
[BlackElo "2544"]

1.e4 c5 2.Nf3 d6 3.Bb5+ Bd7 4.Bxd7+ Qxd7 5.O-O Nc6 6.c4 g6 7.d4 cxd4 8.Nxd4 Bg7
9.Be3 Nf6 10.f3 O-O 11.Nc3 a6 12.Rc1 Rac8 13.b3 Nxd4  1/2-1/2

[Event "35th TCh-GRE"]
[Site "Ermioni GRE"]
[Date "2006.07.04"]
[Round "2"]
[White "Petsetidi,M"]
[Black "Manolaraki,Y"]
[Result "1-0"]
[WhiteElo "1954"]
[BlackElo "2118"]

1.e4 c5 2.Nf3 d6 3.Bb5+ Bd7 4.Bxd7+ Qxd7 5.c4 Nc6 6.O-O Nf6 7.Nc3 g6 8.d4 cxd4
9.Nxd4 Bg7 10.Nde2 O-O 11.f3 Ne5 12.b3 a6 13.Be3 b5 14.Nd5 Rab8 15.Bd4 Nxd5
16.cxd5 e6 17.h3 Qe7 18.f4 Nd7 19.Bxg7 Kxg7 20.Nd4 Rbc8 21.Kh1 exd5 22.exd5 Qe4
23.Qd2 Qxd5 24.f5 Qe5 25.Rae1 Qc5 26.Re7 Kg8 27.Rxd7 Rcd8 28.f6 Qh5 29.Rxd8 Rxd8
30.Nc6 Re8 31.Ne7+ Kh8 32.Re1 Rd8 33.Nc6  1-0

[Event "35th TCh-GRE"]
[Site "Ermioni GRE"]
[Date "2006.07.04"]
[Round "2"]
[White "Bojkov,D"]
[Black "Wojtaszek,R"]
[Result "0-1"]
[WhiteElo "2445"]
[BlackElo "2622"]

1.e4 c5 2.Nf3 d6 3.Bb5+ Nc6 4.O-O Bd7 5.c3 Nf6 6.Re1 a6 7.Ba4 c4 8.Na3 b5
9.Bc2 Bg4 10.h3 Bh5 11.b3 cxb3 12.axb3 e5 13.d4 Be7 14.d5 Na7 15.Bd3 Qc7
16.Bd2 O-O 17.Qe2 Nd7 18.b4 Nb6 19.g4 Bg6 20.Ra2 Rfe8 21.Nh2 Rec8 22.Rea1 h6
23.Nb1 Na4 24.Bc2 Bg5 25.Be1 f6 26.Bb3 Qb7 27.Nf1 Rc7 28.Ng3 Nc8 29.Bxa4 bxa4
30.Rxa4 Be8 31.Ra5 Bb5 32.Qf3 Nb6 33.Na3 Be8 34.Nf5 Rd8 35.Qd3 g6 36.Ng3 Ra8
37.f3 h5 38.Bf2 Bf4 39.Ne2 hxg4 40.hxg4 Rh7 41.Nxf4 exf4 42.Kg2 Rh6 43.Rh1 Rxh1
44.Kxh1 Kf7 45.Kg2 Bd7 46.Qd2 g5 47.c4 Bxg4 48.fxg4 Nd7 49.Bd4 Rh8 50.c5 dxc5
51.Bxc5 Ne5 52.Bg1 Qc8 53.Kf1 Nf3 54.Qe2 Qxg4 55.Qg2 Nh2+ 56.Bxh2 Qd1+ 57.Kf2 f3
58.Qg1 Qe2+ 59.Kg3 Rh4 60.Qf2 Rh3+  0-1

[Event "ch-BEL"]
[Site "Namur BEL"]
[Date "2006.07.04"]
[Round "4"]
[White "Saiboulatov,D"]
[Black "Hautot,S"]
[Result "1/2-1/2"]
[WhiteElo "2413"]
[BlackElo "2308"]

1.e4 c5 2.Nf3 d6 3.Bb5+ Nd7 4.O-O Nf6 5.Re1 a6 6.Bf1 e5 7.c3 Be7 8.d4 O-O
9.Nbd2 b6 10.a4 Bb7 11.d5 Ne8 12.Nc4 Bc8 13.b4 g6 14.Bh6 Ng7 15.Qd2 f5 16.Ng5 Nf6
17.f3 fxe4 18.Nxe4 Nxe4 19.fxe4 Ra7 20.Be2 Bh4 21.Rf1 Raf7 22.Rxf7 Rxf7 23.Rf1 Rxf1+
24.Bxf1 b5 25.axb5 axb5 26.Na5 c4 27.g3 Bf6 28.Nc6 Qc7 29.Qf2 Ne8 30.Be3 Bd7
31.Na5 Bd8 32.h3 Qc8 33.Kh2 Kg7 34.g4 Nf6 35.Qf3 h6 36.Bg2  1/2-1/2

[Event "ch-CHN"]
[Site "Wuxi CHN"]
[Date "2006.07.04"]
[Round "10"]
[White "Yu Shaoteng"]
[Black "Bu Xiangzhi"]
[Result "1/2-1/2"]
[WhiteElo "2542"]
[BlackElo "2640"]

1.e4 c5 2.Nf3 d6 3.Bb5+ Nc6 4.O-O Bd7 5.Re1 Nf6 6.h3 a6 7.Bf1 e6 8.c3 Be7
9.d4 cxd4 10.cxd4 d5 11.e5 Ne4 12.Bd3 Nb4 13.Bxe4 dxe4 14.Rxe4 h5 15.Nc3 Bc6
16.Re3 g5 17.d5 Bxd5 18.a3 Bxf3 19.Qxf3 Nc6 20.b4 g4 21.hxg4 hxg4 22.Qxg4 Qd4
23.Qxd4 Nxd4 24.Re4 O-O-O 25.Bb2 Nb3 26.Rd1 Nd2 27.Rg4 b5 28.Bc1 Nc4 29.f4 Rxd1+
30.Nxd1 Rd8 31.Nf2 a5 32.Rg7 axb4 33.axb4 Bxb4 34.Rxf7 Bc5 35.Kf1 b4 36.Ne4 Bb6
37.Ke2 b3 38.Re7 Rd4 39.Rxe6 Rxe4+ 40.Kd3 Rd4+ 41.Kc3 Rd1 42.Kxc4 Rxc1+ 43.Kxb3 Bc7
44.Re7 Re1 45.Kc3 Kd8 46.Rg7 Bxe5+ 47.fxe5 Rxe5  1/2-1/2

[Event "Open"]
[Site "Albarino ESP"]
[Date "2006.07.05"]
[Round "3"]
[White "Padeiro,J"]
[Black "Rodriguez Calvo,M"]
[Result "1/2-1/2"]
[WhiteElo "2275"]
[BlackElo "2123"]

1.e4 c5 2.Nf3 d6 3.Bb5+ Bd7 4.Bxd7+ Qxd7 5.c4 e5 6.O-O Nc6 7.Nc3 g6 8.d3 Bg7
9.Rb1 Nge7 10.a3 O-O 11.b4 Nd4 12.Nxd4 cxd4 13.Nd5 Nxd5 14.cxd5 f5 15.f3 f4
16.Bd2 Rfc8 17.Qb3 Rc7 18.Rbc1 Rac8 19.b5 Rxc1 20.Rxc1 Rxc1+ 21.Bxc1 Qc7
22.Bd2 Bf8 23.Kf1 Be7 24.a4 Kf7 25.Ke2 Ke8 26.Qd1 g5 27.g3 Qd7 28.Qf1 Bf6
29.Qg2 Kf7 30.h4 h6 31.hxg5 hxg5 32.g4 Kg7 33.Qh1 Qc7 34.Qb1 Be7 35.a5 Bd8
36.Bb4 Be7 37.Bd2 Bd8 38.Qh1 Bf6 39.Qa1 Bd8 40.Qa4 Be7 41.a6 b6 42.Kd1 Kf7
43.Bb4 Kg7 44.Qa2 Qc8 45.Bd2 Qc7 46.Be1 Qc5 47.Qc4 Qxc4 48.dxc4 Kf7 49.Kc2  1/2-1/2

[Event "35th TCh-GRE"]
[Site "Ermioni GRE"]
[Date "2006.07.05"]
[Round "3"]
[White "Iskos,A"]
[Black "Spirou,P"]
[Result "0-1"]
[WhiteElo "2021"]
[BlackElo "2078"]

1.e4 c5 2.Nf3 d6 3.Bb5+ Bd7 4.Bxd7+ Qxd7 5.O-O Nc6 6.d4 cxd4 7.Nxd4 Nf6 8.Nc3 g6
9.f3 Bg7 10.Be3 O-O 11.Nce2 Ne5 12.b3 d5 13.exd5 Nxd5 14.Bg5 Nc6 15.Qd2 Nxd4
16.Nxd4 Nc3 17.Be3 Bxd4 18.Bxd4 Qxd4+  0-1

[Event "35th TCh-GRE"]
[Site "Ermioni GRE"]
[Date "2006.07.05"]
[Round "3"]
[White "Rozentalis,E"]
[Black "Inarkiev,E"]
[Result "1/2-1/2"]
[WhiteElo "2605"]
[BlackElo "2625"]

1.e4 c5 2.Nf3 d6 3.Bb5+ Bd7 4.Bxd7+ Qxd7 5.O-O Nf6 6.e5 dxe5 7.Nxe5 Qc8 8.Na3 g6
9.Qf3 Bg7 10.Nac4 O-O 11.d3 Na6 12.a4 Nc7 13.Re1 Nfd5 14.c3 f6 15.Ng4 e5
16.Nd6 Qe6 17.Nb5 Nxb5 18.axb5 Qd7 19.g3 b6 20.Bh6 Bxh6 21.Nxh6+ Kg7 22.Ng4 h5
23.Ne3 Nxe3 24.Rxe3 Qxb5 25.Qb7+ Kg8 26.Qd5+ Kh8 27.Qe4 Qe8 28.f4 exf4 29.Qxf4  1/2-1/2

[Event "Open"]
[Site "Marseille FRA"]
[Date "2006.07.05"]
[Round "7"]
[White "Maze,S"]
[Black "Sanchez,Joseph"]
[Result "1-0"]
[WhiteElo "2525"]
[BlackElo "2446"]

1.e4 c5 2.Nf3 d6 3.Bb5+ Nd7 4.d4 Nf6 5.O-O a6 6.Bxd7+ Nxd7 7.Nc3 e6 8.Bg5 f6
9.Bh4 Be7 10.dxc5 Nxc5 11.Qd2 b5 12.a3 Bb7 13.Rfe1 Kf7 14.Rad1 Qb6 15.Qf4 h6
16.Bg3 Rad8 17.h4 b4 18.axb4 Qxb4 19.Qc1 e5 20.Qa1 Qc4 21.Nd2 Qe6 22.Nf1 g6
23.b4 Nd7 24.h5 Rc8 25.hxg6+ Kxg6 26.Ne3 Nb6 27.Ncd5 Nxd5 28.exd5 Qd7 29.c4 f5
30.c5 Bf6 31.c6 Bxc6 32.dxc6 Qxc6 33.Nd5 f4 34.Bxf4  1-0

[Event "Open"]
[Site "Albarino ESP"]
[Date "2006.07.06"]
[Round "4"]
[White "Menendez Rey,J"]
[Black "Nemeth,F"]
[Result "1/2-1/2"]
[WhiteElo "2251"]
[BlackElo "2458"]

1.e4 c5 2.Nf3 d6 3.Bb5+ Nd7 4.O-O Nf6 5.Re1 a6 6.Bf1 b6 7.c4 Bb7 8.Nc3 Ne5
9.Nxe5 dxe5 10.d3 e6 11.a3 Bd6 12.b4 O-O 13.Rb1 Nd7 14.g3 Qe7 15.b5 axb5
16.Nxb5 Ra6 17.Bg2 Nb8 18.f4 Nc6 19.f5 f6 20.g4 Nd4 21.Nc3 g6 22.Rf1 Rf7
23.fxe6 Nxe6 24.Nd5 Bxd5 25.exd5 Nd4 26.Kh1 Qd8 27.Qd2 Qd7 28.h3 Qd8 29.Qf2 f5
30.Be3 Rxa3 31.Bxd4 cxd4 32.Be4 f4 33.h4 Rfa7 34.g5 Bc5 35.Qe2 Qd7 36.Qf3 Ra2
37.Rf2 Rxf2 38.Qxf2 Qh3+ 39.Qh2 Qe3 40.Qg1 Qe2 41.Qg2 Qxg2+ 42.Kxg2 Ra2+
43.Kh3 Kf7 44.Rg1 Ke7 45.Rg2 Ra8 46.Rb2 Ra3 47.Kg4 Ra1 48.h5 Rg1+ 49.Rg2 Rf1
50.hxg6 hxg6 51.Rb2 Rg1+ 52.Rg2 Rf1 53.Rh2 Bb4 54.Rg2 Be1 55.Rb2 Ba5 56.Rg2 Kd6
57.Rb2 Ke7 58.Ra2 Bb4 59.Rb2 Ba3 60.Ra2 Bc1 61.Rc2 Be3 62.Rb2 f3 63.Bxf3 Bf4
64.Be4 Bc1 65.d6+ Kd7 66.Rxb6 Rg1+ 67.Kh3 Ba3 68.Rb7+ Kxd6 69.Rb6+ Kd7 70.Rxg6  1/2-1/2

[Event "56th ch-RUS w Top League"]
[Site "Orel RUS"]
[Date "2006.07.06"]
[Round "8"]
[White "Fominykh,M"]
[Black "Airapetian,Ta"]
[Result "1-0"]
[WhiteElo "2332"]
[BlackElo "2155"]

1.e4 c5 2.Nf3 d6 3.Bb5+ Bd7 4.Bxd7+ Qxd7 5.O-O Nc6 6.c3 Nf6 7.Qe2 e6 8.d4 d5
9.exd5 Qxd5 10.Rd1 Rd8 11.Na3 Be7 12.Be3 O-O 13.dxc5 Qe4 14.Ng5 Qf5 15.Qf3 Nd5
16.Ne4 Qxf3 17.gxf3 f5 18.Nd6 f4 19.Bd4 b6 20.Nac4 Rd7 21.Rd2 Rfd8 22.Re1 Nc7
23.cxb6 Nxd4 24.Rxd4 axb6 25.Nc8 Rxd4 26.Nxe7+ Kf8 27.cxd4 Kxe7 28.Nxb6 Rxd4
29.Re4 Rd2 30.Nc4 Rd1+ 31.Kg2 Nd5 32.h4 h6 33.a4 Ra1 34.a5 Kf6 35.Na3 Rc1
36.a6 Rc6 37.Ra4 Nb6 38.a7 Na8 39.Rxf4+ Ke7 40.Rg4 Kf6 41.Rc4 Ra6 42.Nb5 Ra5
43.Rc8 Nb6 44.Rb8 Rxb5 45.Rxb6 Ra5 46.Rb7  1-0

[Event "FSIM July"]
[Site "Budapest HUN"]
[Date "2006.07.07"]
[Round "7"]
[White "Arngrimsson,D"]
[Black "Nagy,Ben"]
[Result "1-0"]
[WhiteElo "2327"]
[BlackElo "2355"]

1.e4 c5 2.Nf3 d6 3.Bb5+ Nd7 4.d4 Nf6 5.Nc3 a6 6.Bxd7+ Nxd7 7.O-O e6 8.dxc5 Nxc5
9.Bf4 Qc7 10.Qd2 b5 11.b4 Nd7 12.Rad1 Be7 13.Bxd6 Bxd6 14.Qxd6 Qxc3 15.Nd4 Bb7
16.Nf5 exf5 17.Qxd7+ Kf8 18.Qd6+ Ke8 19.exf5 Be4 20.Rfe1 Qxc2 21.Rd4  1-0

[Event "35th TCh-GRE"]
[Site "Ermioni GRE"]
[Date "2006.07.07"]
[Round "6"]
[White "Petsetidi,M"]
[Black "Nikolaidi,E"]
[Result "1-0"]
[WhiteElo "1954"]
[BlackElo "1963"]

1.e4 c5 2.Nf3 d6 3.Bb5+ Bd7 4.Bxd7+ Qxd7 5.c4 Nc6 6.Nc3 g6 7.d4 cxd4 8.Nxd4 Bg7
9.Be3 Nf6 10.f3 Ne5 11.b3 O-O 12.O-O Rac8 13.Qd2 Rfe8 14.Rac1 Qd8 15.Kh1 Qa5
16.Rfd1 Nfd7 17.Nd5 Qxd2 18.Rxd2 Nc6 19.Nb5 a6 20.Nbc3 Na5 21.Bg5 Nc6 22.Rdd1 h6
23.Be3 Kh7 24.f4 Nf6 25.Nxf6+ Bxf6 26.Nd5 Bg7 27.Nb6 Rcd8 28.c5 dxc5 29.Bxc5 e5
30.f5 gxf5 31.exf5 Nd4 32.Rf1 Bf6 33.Nc4 Rd7 34.Nd6 Red8 35.Ne4 Kg7 36.Bb6 Re8
37.Rfd1 Rd5 38.Rc4 Re7 39.Rc8 Rdd7 40.g4 Nc6 41.Rxd7 Rxd7 42.Rg8+  1-0

[Event "XXIV Andorra Open"]
[Site "Andorra la Vella AND"]
[Date "2006.07.08"]
[Round "1"]
[White "Fernandez Garcia,Jo"]
[Black "Sanchez Moreno,J"]
[Result "1-0"]
[WhiteElo "2452"]
[BlackElo "2064"]

1.e4 c5 2.Nf3 d6 3.Bb5+ Bd7 4.Bxd7+ Qxd7 5.O-O Nc6 6.c3 Nf6 7.Qe2 e5 8.Rd1 Be7
9.d4 Qg4 10.dxc5 dxc5 11.Qb5 O-O 12.Qxb7 Nxe4 13.Qxc6 Nxf2 14.Kxf2 e4 15.Be3 Rac8
16.Qd7 Bh4+ 17.Nxh4 Qxh4+ 18.Kg1 Rcd8 19.Qa4 Rd3 20.Bf2 Qd8 21.Na3 e3 22.Bxe3  1-0

[Event "Women's Chess Cup"]
[Site "Dresden GER"]
[Date "2006.07.08"]
[Round "5.2"]
[White "Sebag,M"]
[Black "Chang,S"]
[Result "1-0"]
[WhiteElo "2434"]
[BlackElo "2091"]

1.e4 c5 2.Nf3 d6 3.Bb5+ Nc6 4.O-O Nf6 5.Re1 e5 6.c3 Bg4 7.h3 Bh5 8.d3 Be7
9.Nbd2 O-O 10.Nf1 Rc8 11.Ng3 Bg6 12.Ba4 Nh5 13.Bb3 Nxg3 14.fxg3 Kh8 15.g4 Bh4
16.Rf1 h5 17.Nh2 hxg4 18.Qxg4 Bf6 19.Nf3 Ne7 20.Bg5 Bxg5 21.Nxg5 d5 22.Kh1 c4
23.dxc4 dxc4 24.Ba4 Nc6 25.Rad1 Qb6 26.Rxf7  1-0

[Event "ch-BEL"]
[Site "Namur BEL"]
[Date "2006.07.08"]
[Round "8"]
[White "Laurent,B"]
[Black "Van der Stricht,G"]
[Result "0-1"]
[WhiteElo "2365"]
[BlackElo "2417"]

1.e4 c5 2.Nf3 d6 3.Bb5+ Bd7 4.Bxd7+ Qxd7 5.O-O Nc6 6.Re1 Nf6 7.c3 e6 8.d4 cxd4
9.cxd4 d5 10.e5 Ne4 11.Nbd2 Nxd2 12.Bxd2 Be7 13.Rc1 O-O 14.Rc3 Rfc8 15.a3 b5
16.Rd3 Qd8 17.h4 Bxh4 18.g4 Be7 19.Kg2 g6 20.g5 b4 21.Nh2 Bxg5 22.Ng4 h5
23.f4 Bh4 24.Rh1 hxg4 25.Qxg4 Bf6 26.exf6 Qxf6 27.f5 Qxf5 28.Qxf5 exf5 29.axb4 Kg7
30.b5 Nd8 31.Bh6+ Kf6 32.Bf4 Rc2+ 33.Kf3 Ne6 34.Be5+ Ke7 35.Ra1 f6 36.Bg3 Ng5+
37.Ke3 Ne4 38.Be1 Rxb2  0-1

[Event "Open"]
[Site "Albarino ESP"]
[Date "2006.07.09"]
[Round "7"]
[White "Menendez Rey,J"]
[Black "Casares Cabanas,C"]
[Result "0-1"]
[WhiteElo "2251"]
[BlackElo "2207"]

1.e4 c5 2.Nf3 d6 3.Bb5+ Bd7 4.Bxd7+ Qxd7 5.O-O Nc6 6.c3 Nf6 7.d4 Nxe4 8.Re1 Nf6
9.d5 Ne5 10.Nxe5 dxe5 11.Rxe5 O-O-O 12.c4 e6 13.Bg5 h6 14.Bxf6 gxf6 15.Rh5 f5
16.Nc3 Bg7 17.Rh3 Kb8 18.Qc2 Bd4 19.Re1 Rde8 20.Rd1 e5 21.d6 f4 22.Nd5 Qxd6
23.Ra3 e4 24.Re1 e3 25.f3 e2+ 26.Kh1 Re6 27.Rd3 Rhe8 28.Rd2 Bf2 29.Rexe2 Bd4
30.h3 b5 31.b3 b4 32.Qd3 a5 33.Rc2 Be3 34.Qd1 Qe5 35.Re1 Qd4 36.Rce2 Bf2
37.Qxd4 cxd4 38.Rxe6 fxe6 39.Re2 Be3 40.Nf6 d3 41.Re1 Rd8 42.Ne4 h5 43.g4 fxg3
44.Kg2 d2 45.Rd1 h4 46.Nf6 Rd3 47.Ng4 Bf4 48.Kf1 Rxf3+ 49.Ke2 Rc3 50.Nf6 g2  0-1

[Event "XXIV Andorra Open"]
[Site "Andorra la Vella AND"]
[Date "2006.07.09"]
[Round "2"]
[White "Fernandez Aguado,E"]
[Black "Fluvia Poyatos,J"]
[Result "0-1"]
[WhiteElo "2361"]
[BlackElo "2467"]

1.e4 c5 2.Nf3 d6 3.Bb5+ Bd7 4.Bxd7+ Qxd7 5.c4 Qg4 6.O-O Qxe4 7.d4 cxd4 8.Re1 Qg4
9.Qb3 Qd7 10.c5 Nc6 11.cxd6 e6 12.Bf4 Bxd6 13.Bxd6 Qxd6 14.Qxb7 Rb8 15.Qa6 Nge7
16.Na3 O-O 17.Rac1 Rfd8 18.Nc4 Qd5 19.b3 Nb4 20.Qa3 Nec6 21.Red1 e5 22.Ne3 Qe6
23.Nc2 Nd5 24.Qc5 Nf4 25.Kh1 Rdc8 26.Nce1 Ne2 27.Rc4 Nc3 28.Rc1 Rb5 29.R4xc3 Rxc5
30.Rxc5 f6 31.Nd2 Ne7 32.Rxc8+ Nxc8 33.f3 Ne7 34.Rc4 Qa6 35.a4 Qa5 36.Rc2 Nd5
37.Nd3 Ne3 38.Rc8+ Kf7 39.Ne4 Kg6 40.Rc5 Qa6 41.Rb5 Qc8 42.Rc5 Qe6 43.Rb5 Nd5
44.h3 Nc3 45.Nec5 Qf5 46.Rb7 e4  0-1

[Event "XXIX Open"]
[Site "Barbera del Valles ESP"]
[Date "2006.07.09"]
[Round "5"]
[White "Sanchez Romero,M"]
[Black "Fabregas Fernandez,B"]
[Result "1-0"]
[WhiteElo "2211"]
[BlackElo "2197"]

1.e4 c5 2.Nf3 d6 3.Bb5+ Bd7 4.Bxd7+ Qxd7 5.O-O Nf6 6.Qe2 Nc6 7.c3 g6 8.d4 Bg7
9.d5 Ne5 10.Nxe5 dxe5 11.Na3 O-O 12.f3 Ne8 13.Be3 Rc8 14.Nc4 Nd6 15.a4 f5
16.Nxd6 exd6 17.Rfc1 a6 18.b3 Bf6 19.a5 Qe7 20.b4 Bg5 21.Rab1 Bxe3+ 22.Qxe3 Qd7
23.Qe2 c4 24.Rc2 fxe4 25.fxe4 Rf4 26.Rf1 Qf7 27.g3 Rxf1+ 28.Qxf1 Qd7 29.Rf2 Qe7
30.Rf6 Kg7 31.Rf3 Rc7 32.Qh3 h5 33.Qf1 Qg5 34.h4 Qg4 35.Kh2 Qd7 36.Rf8 Qe7
37.Rb8 Rd7 38.Kg2 Rd8 39.Rxd8 Qxd8 40.Qxc4 g5 41.hxg5 Kg6 42.Qd3 Qxg5 43.Qf3 Kg7
44.Kh3 Qh6 45.Kh4 Qd2 46.Kxh5 Qh2+ 47.Kg4 Qd2 48.Qf5 Qd1+ 49.Kh4 Qh1+ 50.Qh3 Qe1
51.Qd7+ Kg8 52.Qe8+ Kg7 53.Qe7+ Kg8 54.Qg5+ Kf7 55.Qf5+ Kg7 56.Qg4+ Kf7 57.Qf3+ Ke7
58.Kg5 Kd7 59.Qf7+ Kc8 60.Qe6+ Kb8 61.Qxd6+ Ka8 62.Qxe5 Qd2+ 63.Kf5 Qh6 64.g4 Qf8+
65.Qf6 Qc8+ 66.Kf4  1-0

[Event "5th Open"]
[Site "La Fere FRA"]
[Date "2006.07.10"]
[Round "4"]
[White "Flandre,X"]
[Black "Cozette,M"]
[Result "1/2-1/2"]
[WhiteElo "1916"]
[BlackElo "1997"]

1.e4 c5 2.Nf3 d6 3.Bb5+ Nc6 4.O-O Nf6 5.Nc3 e5 6.h3 Be7 7.d3 O-O 8.Be3 a6
9.Bc4 b5 10.Bd5 Bd7 11.a3 Rb8 12.Bxc6 Bxc6 13.Ne2 Qc7 14.Ng3 Rfe8 15.Nf5 Bf8
16.Nh2 d5 17.f3 c4 18.Bg5 Re6 19.Qe2 a5 20.f4 Nd7 21.fxe5 dxe4 22.d4 Rg6
23.Bf4 Re6 24.Ng4 Nb6 25.Rad1 Rd8 26.Nge3 Qd7 27.Bg5 Rc8 28.c3 b4 29.axb4 axb4
30.Qg4 Rg6 31.Qh4 bxc3 32.bxc3 Nd5 33.Nxd5 Bxd5 34.Ne3 Qe6 35.Nxd5 Qxd5  1/2-1/2

[Event "25th Open"]
[Site "St Veit AUT"]
[Date "2006.07.10"]
[Round "3"]
[White "Peredy,F"]
[Black "Csiszar,C"]
[Result "1/2-1/2"]
[WhiteElo "2306"]
[BlackElo "2403"]

1.e4 c5 2.Nf3 d6 3.Bb5+ Bd7 4.a4 Nf6 5.d3 Nc6 6.O-O g6 7.Bxc6 Bxc6 8.e5 dxe5
9.Nxe5 Rc8 10.Nxc6 Rxc6 11.Bf4 Bg7 12.Be5 O-O 13.Nd2 Qd5 14.Re1 Rd8 15.Nc4  1/2-1/2

[Event "Open"]
[Site "Albarino ESP"]
[Date "2006.07.11"]
[Round "9"]
[White "Menendez Rey,J"]
[Black "Torrado Quintela,J"]
[Result "0-1"]
[WhiteElo "2251"]
[BlackElo "2201"]

1.e4 c5 2.Nf3 d6 3.Bb5+ Nc6 4.O-O Nf6 5.Re1 Bd7 6.c3 a6 7.Ba4 b5 8.Bc2 e5
9.d3 Be7 10.Nbd2 O-O 11.Nf1 h6 12.h3 Rc8 13.Ng3 Qc7 14.a4 d5 15.axb5 axb5
16.exd5 Nxd5 17.Bb3 Be6 18.Nf5 Bf6 19.Ne3 Nxe3 20.Bxe3 c4 21.dxc4 Rfd8 22.Qc1 Na5
23.Bc2 Nxc4 24.Be4 Na5 25.Qb1 Rb8 26.b4 Nb3 27.Bh7+ Kh8 28.Ra7 Qxc3 29.Bxh6 gxh6  0-1

[Event "ch-SVK"]
[Site "Banska Stiavnica SVK"]
[Date "2006.07.11"]
[Round "4"]
[White "Plachetka,J"]
[Black "Pinter,E"]
[Result "1/2-1/2"]
[WhiteElo "2427"]
[BlackElo "2396"]

1.e4 c5 2.Nf3 d6 3.Bb5+ Nd7 4.c3 Nf6 5.d3 a6 6.Ba4 c4 7.O-O g6 8.Bc2 cxd3
9.Qxd3 b5 10.Nbd2 Bb7 11.Re1  1/2-1/2

[Event "FSGM July"]
[Site "Budapest HUN"]
[Date "2006.07.11"]
[Round "11"]
[White "Kristjansson,St"]
[Black "Varadi,V"]
[Result "1/2-1/2"]
[WhiteElo "2491"]
[BlackElo "2384"]

1.e4 c5 2.Nf3 d6 3.Bb5+ Nd7 4.O-O Nf6 5.Re1 a6 6.Bf1 e6 7.c3 Be7 8.d4 O-O
9.e5 Ne8 10.Bf4 b5 11.a4 bxa4 12.Qxa4  1/2-1/2